[Event "Siebenlehn op 12th"]
[Site "Siebenlehn"]
[Date "2011.12.27"]
[Round "1"]
[White "Kesik, Klaus Dieter"]
[Black "Werner, Detlef"]
[Result "1-0"]
[WhiteElo "2248"]
[BlackElo "1705"]
[PlyCount "81"]
[EventDate "2011.12.27"]
[EventType "swiss"]
[EventRounds "7"]
[EventCountry "GER"]
[SourceTitle "EXT 2013"]
[Source "ChessBase"]
[SourceDate "2012.11.22"]
[SourceVersion "1"]
[SourceVersionDate "2012.11.22"]
[SourceQuality "1"]

1. d4 d5 2. c4 c6 3. Nf3 g6 4. Nc3 Nf6 5. Bg5 Bg7 6. e3 0-0 7. Bd3 dxc4 8. Bxc4 Qa5 9. 0-0 Bg4 10. Bh4 Qb4 11. Qe2 Nbd7 12. a3 Qb6 13. h3 Be6 14. Bxe6 fxe6 15. Ng5 c5 16. Na4 Qc6 17. Nxc5 Nxc5 18. dxc5 Nd5 19. Rac1 Bf6 20. b4 a6 21. Nf3 Nc3 22. Qc2 Ne4 23. Bxf6 Rxf6 24. Ne5 Qd5 25. Ng4 Rff8 26. Rcd1 Qc6 27. Ne5 Qd5 28. Rxd5 exd5 29. f3 Ng3 30. Rd1 Rad8 31. Nxg6 Rf7 32. Kh2 Nf5 33. Qxf5 hxg6 34. Qxg6+ Kf8 35. Rd4 e5 36. Qh6+ Ke7 37. Qg5+ Ke6 38. Qxd8 exd4 39. Qe8+ Re7 40. Qxe7+ Kxe7 41. exd4 1-0